000 00390nam a2200133Ia 4500
008 220204s9999 xx 000 0 und d
082 _a065.011
_bHIG
100 _aHigginson, M Valliant
245 0 _aManagement policies I: Their development as corporate guides
260 _aBombay
_bTaraporevala
_c1976
490 _aAMA Research study V 76
650 _aManagement policies
942 _cBK
999 _c30307
_d30307